Score 0/9 Timer 05:00
3 Plays Today
Sheeps per Peeps Country % Correct
7.13New Zealand
91.1%
3.30Australia
85%
4.85Mongolia
41.1%
1.51Iceland
35.4%
2.25Uruguay
20.8%
2.67Turkmenistan
17.9%
1.19Somalia
10.8%
1.31Namibia
10.3%
2.59Mauritania
7.3%

You're not logged in!

Compare scores with friends on all Sporcle quizzes.
OR
Log In

Sporcle TV

Today on Sporcle TV


Watch our educational content, quiz creation guides, and fun videos on Sporcle TV.

Show Comments

Extras

Top Quizzes Today


Score Distribution

Paid Content

Your Account Isn't Verified!

In order to create a playlist on Sporcle, you need to verify the email address you used during registration. Go to your Sporcle Settings to finish the process.

Report this User

Report this user for behavior that violates our Community Guidelines.

Details: